|
|
|
|
| LEADER |
00000cam a2200000 i 4500 |
| 001 |
1/79264 |
| 008 |
050622s1951 gr | ||| |||| ||gre|| |
| 035 |
|
|
|l 10078714
|
| 040 |
|
|
|a GR-MyUa
|b gre
|e AACR2
|
| 041 |
1 |
|
|a gre
|
| 082 |
7 |
|
|a 230.19
|2 (22)
|
| 100 |
1 |
|
|a Γερομίχαλος, Αθανάσιος Γρ.
|
| 245 |
1 |
0 |
|a Χριστολογία /
|c Αθανασίου Γρ. Γερομίχαλου.
|
| 260 |
|
|
|a Εν Αθήναις :
|b [χ.ό.],
|c 1951.
|
| 300 |
|
|
|a 200 σ. ;
|c 24 εκ.
|
| 500 |
|
|
|a Με: Σύνοψις της δογματικής διδασκαλίας της ορθοδόξου καθολικής εκκλησίας / υπό Ιωάννου Καρμίρη. - Η εις άδου κάθοδος του Χριστού: εξ επόψεως ορθοδόξου / Αθανασίου Γρ. Γερομίχαλου. - Ο υιός του ανθρώπου: συμβολή εις την ιστορίαν και ερμηνείαν του όρου "ο υιός του ανθρώπου" κατά την Καινήν Διαθήκην / Ανδρ. Κ. Παπαγεωργακόπουλου.
|
| 505 |
8 |
|
|a Μέρος πρώτον: Αι χριστολογικαί έριδες.
|
| 600 |
0 |
7 |
|2 nlgaf
|a Ιησούς Χριστός
|x Divinity.
|
| 650 |
|
0 |
|a Theology, Doctrinal.
|
| 740 |
3 |
|
|a Αι χριστολογικαί έριδες.
|
| 852 |
|
|
|a INST
|b RHODES
|c KRI
|e 20050622
|h 230.19 ΚΑΡ
|p 005400023196
|q 005400023196
|t BK
|y 0
|
| 901 |
|
|
|a BIBL4-2005-2
|
| 970 |
|
|
|a Σιδερή
|b Νεκταρία
|z 22/06/2005
|